Ranking UEFA - Statystyki

Ogólne statystyki
  • Ten quiz został rozwiązany 141 razy
  • Średni wynik to 45 z 100
Statystyki odpowiedzi
Miejsce Kraj Klub % Poprawnych
2 Niemcy Bayern Munich
97%
1 Anglia Manchester City
97%
3 Hiszpania Real Madrid
97%
13 Hiszpania FC Barcelona
94%
5 Anglia Liverpool
93%
6 Francja Paris Saint-Germain
92%
9 Włochy Juventus
91%
7 Anglia Manchester United
91%
35 Włochy AC Milan
88%
4 Anglia Chelsea
88%
8 Włochy Inter Milan
88%
14 Niemcy Borussia Dortmund
87%
27 Anglia Arsenal
86%
16 Hiszpania Atlético Madrid
83%
19 Holandia Ajax
79%
21 Portugalia FC Porto
79%
11 Włochy AS Roma
76%
18 Włochy SSC Napoli
75%
17 Portugalia SL Benfica
73%
10 Niemcy RB Leipzig
70%
12 Hiszpania Sevilla
69%
42 Włochy SS Lazio
67%
20 Niemcy Bayer 04 Leverkusen
66%
81 Polska Lech Poznań
66%
55 Szkocja Celtic
62%
41 Dania FC Copenhagen
61%
59 Turcja Galatasaray
60%
24 Ukraina Shakhtar Donetsk
59%
36 Portugalia Sporting CP
59%
28 Szkocja Rangers
57%
57 Ukraina Dynamo Kyiv
56%
50 Francja Olympique de Marseille
53%
29 Holandia Feyenoord
52%
52 Szwajcaria BSC Young Boys
50%
32 Francja Olympique Lyonnais
50%
22 Anglia Tottenham Hotspur
50%
77 Hiszpania Valencia
50%
33 Austria Red Bull Salzburg
49%
40 Holandia PSV Eindhoven
48%
47 Hiszpania Real Sociedad
47%
39 Czechy Slavia Prague
47%
95 Czechy Sparta Prague
47%
26 Szwajcaria FC Basel
46%
37 Portugalia SC Braga
45%
58 Francja AS Monaco
44%
34 Belgia Club Brugge
44%
38 Chorwacja Dinamo Zagreb
44%
53 Hiszpania Real Betis
44%
43 Serbia Red Star Belgrade
44%
96 Belgia RSC Anderlecht
44%
72 Włochy ACF Fiorentina
41%
49 Francja Lille OSC
41%
76 Niemcy Union Berlin
38%
25 Niemcy Eintracht Frankfurt
37%
30 Anglia West Ham United
37%
65 Rosja Zenit Saint Petersburg
37%
44 Belgia KAA Gent
36%
15 Hiszpania Villarreal
36%
66 Grecja PAOK
35%
23 Włochy Atalanta BC
34%
98 Cypr APOEL
32%
60 Anglia Leicester City
32%
68 Turcja Fenerbahce
31%
54 Węgry Ferencvarosi
31%
63 Niemcy VfL Wolfsburg
31%
75 Szwecja Malmö FF
30%
61 Serbia Partizan
30%
99 Austria Rapid Wien
30%
64 Słowacja Slovan Bratislava
30%
73 Norwegia Bodø/Glimt
27%
31 Holandia AZ Alkmaar
26%
71 Niemcy Borussia Mönchengladbach
26%
70 Norwegia Molde
26%
82 Francja OGC Nice
25%
78 Belgia Royal Antwerp
25%
89 Rosja Spartak Moscow
25%
46 Francja Stade Rennais
25%
88 Niemcy SC Freiburg
24%
79 Mołdawia Sheriff Tiraspol
24%
48 Grecja Olympiacos
23%
85 Rosja Lokomotiv Moscow
21%
56 Rumunia CFR Cluj
20%
45 Austria LASK
20%
67 Azerbejdżan Qarabag
20%
100 Turcja Trabzonspor
20%
69 Izrael Maccabi Tel Aviv
18%
51 Turcja İstanbul Başakşehir
16%
80 Bułgaria Ludogorets Razgrad
15%
94 Izrael Maccabi Haifa
15%
84 Anglia Wolverhampton Wanderers
15%
97 Niemcy TSG 1899 Hoffenheim
14%
62 Dania Midtjylland
13%
90 Rosja Krasnodar
11%
93 Hiszpania Granada
10%
91 Ukraina Zorya Luhansk
10%
87 Szwecja Djurgårdens IF
9%
86 Izrael Hapoel Be'er Sheva
9%
74 Belgia Royale Union Saint-Gilloise
8%
92 Austria Wolfsberger
8%
83 Turcja Sivasspor
4%
Nie znaleziono quizów pasujących do podanych kryteriów
Rozkład punktacji
Procent ludzi z każdym wynikiem
Percentyl według liczby udzielonych odpowiedzi
Twoja historia wyników
Nie rozwiązałeś tego quizu